| 000 | 00535nam a2200181Ia 4500 | ||
|---|---|---|---|
| 008 | 090124s9999 xx 000 0 und d | ||
| 082 | _b11159 | ||
| 100 | _aकाणेकर अनंत | ||
| 245 | _a अनन्तिका | ||
| 250 | _a0 | ||
| 260 |
_bश्री विद्या प्रकाशन _c1979 |
||
| 300 | _a147 | ||
| 600 | _aकाणेकर अनंत | ||
| 630 | _a अनन्तिका | ||
| 700 | _aकाणेकर अनंत | ||
| 730 | _a अनन्तिका | ||
| 942 | _cBOOK | ||
| 999 |
_c86327 _d86327 |
||